| 000 | 00871 a2200217 4500 | ||
|---|---|---|---|
| 001 | 47289 | ||
| 005 | 20260407155740.0 | ||
| 008 | 260407a1988 arg spa d | ||
| 003 | AR-UNSa-BCEJYS | ||
| 040 |
_aAR-UNSa-BCEJYS _bspa _cAR-UNSa-BCEJYS |
||
| 080 |
_a330(82) _xEconomia Argentina |
||
| 245 | 1 | 0 | _aDeuda externa e inestabilidad macreconómica en la Argentina |
| 020 | _a950-07-0507-9 | ||
| 264 | 1 |
_aBuenos Aires : _bSudamericana _c1988 |
|
| 300 |
_a215 p. _c21 cm. |
||
| 505 | _a1. Una visión impresionista de la deuda y los problemas macroeconómicos - 2. Una historia de la deuda externa - 3. De Martínez de Oz a Alfonsín - 4. El proceso de inflación alta - 5. El Plan Austral - 6. Obstáculos y vías para el crecimiento. | ||
| 942 | _cBK | ||
| 590 | _aniveau_biblio:m niveau_hierar:0 | ||
| 100 | 1 | _aDe Pablo, Juan Carlos | |
| 700 | 1 | _aDornbusch, Rudiger | |
| 999 |
_c4334 _d4334 |
||